טוען...

Aayiravallikkunninte thazhavarayil/

מידע ביבליוגרפי
מחבר ראשי: Nadanar
פורמט: Printed Book
שפה:English
יצא לאור: Kottayam: National Book Stall, 1971.
נושאים:
LEADER 00502 a2200145 4500
008 150103s9999 000 0 eng
082 |a 813 
100 |a Nadanar 
245 |a Aayiravallikkunninte thazhavarayil/ 
260 |a Kottayam:  |b National Book Stall,  |c 1971. 
300 |a 84 p.: 
650 |a Fiction--Malayalam 
942 |c BK 
999 |c 306323  |d 306323 
952 |0 0  |1 0  |2 ddc  |4 0  |6 M_813_000000000000000_NAN_AA  |7 0  |9 351404  |a DRA  |b DRA  |c ST1  |d 2012-09-24  |i 7190  |l 0  |o M 813 NAN/AA  |p DRA7190  |r 2019-01-03  |v 38.00  |w 2019-01-03  |y BK